| 000 -CABECERA |
| campo de control de longitud fija |
00926nam a22002057a 4500 |
| 003 - IDENTIFICADOR DEL NÚMERO DE CONTROL |
| campo de control |
OSt |
| 005 - FECHA Y HORA DE LA ÚLTIMA TRANSACCIÓN |
| campo de control |
20230808105105.0 |
| 008 - DATOS DE LONGITUD FIJA--INFORMACIÓN GENERAL |
| campo de control de longitud fija |
230808b ||||| |||| 00| 0 eng d |
| 020 ## - NÚMERO INTERNACIONAL ESTÁNDAR DEL LIBRO |
| Número Internacional Estándar del Libro |
978-612-00-8469-4 |
| 040 ## - FUENTE DE LA CATALOGACIÓN |
| Centro catalogador/agencia de origen |
Municipalidad Provincial del Cusco |
| Lengua de catalogación |
spa |
| Centro/agencia transcriptor |
Biblioteca Municipal del Cusco |
| 082 ## - NÚMERO DE LA CLASIFICACIÓN DECIMAL DEWEY |
| Número de clasificación |
222 / L28 |
| Notación interna |
L28 |
| 100 ## - ENTRADA PRINCIPAL--NOMBRE DE PERSONA |
| Nombre de persona |
Latorre Vilca, Juan Fernando |
| 9 (RLIN) |
48876 |
| 245 ## - MENCIÓN DE TÍTULO |
| Título |
Evidencias de la Era Patriarcal y del Éxodo / |
| Resto del título |
Pruebas que corroboran la historicidad de Abraham, Jacob, José, Moisés y el Éxodo de Israel / |
| Mención de responsabilidad, etc. |
Juan Fernando Latorre Vilca |
| 300 ## - DESCRIPCIÓN FÍSICA |
| Extensión |
200 páginas ; |
| Otras características físicas |
mapas ; fotos ; ilustraciones ; |
| Dimensiones |
14.5 cm. |
| 505 ## - NOTA DE CONTENIDO CON FORMATO |
| Nota de contenido con formato |
La razón de nuestra investigación -- Antecedentes -- Evidencias para la historicidad de Abraham, Jacob, José, Moisés -- El Faraón del Éxodo -- Conclusiones. |
| 650 #0 - PUNTO DE ACCESO ADICIONAL DE MATERIA--TÉRMINO DE MATERIA |
| 9 (RLIN) |
1195 |
| Término de materia o nombre geográfico como elemento de entrada |
Religión. |
| 650 #0 - PUNTO DE ACCESO ADICIONAL DE MATERIA--TÉRMINO DE MATERIA |
| 9 (RLIN) |
360 |
| Término de materia o nombre geográfico como elemento de entrada |
Israel. |
| 942 ## - ELEMENTOS DE PUNTO DE ACCESO ADICIONAL (KOHA) |
| Fuente del sistema de clasificación o colocación |
|
| Tipo de ítem Koha |
Libros-BMC |
| 945 ## - PROCESAMIENTO DE INFORMACIÓN LOCAL (OCLC) |
| Catalogador |
vcp |
| AAAA-MM-DD Fecha de ingreso o modificación |
2023-08-08 |